00609nam a2200193Ia 450000500170000000800410001702000270005804000190008504100120010408200130011624500950012926000260022430000160025050400500026665000220031665100460033870000210038485000100040520230118142505.0131103s9999 xx 000 0 und d aSBN 416776906cGBP2.50 aLoreto College aEnglish a830bBOE aGerman literatureb a critical survey cedited by Brune Boesch;translated by Ronald Taylor aLondonbMethuenc1973 avii,375 p.  aIncludes bibliographical references and index aGerman Literature aGerman Literature - History and Criticism aBoesch,Bruno,ed. aLCLIB